| 000 | 00344nam a22001337a 4500 | ||
|---|---|---|---|
| 003 | LK-CoDNM | ||
| 005 | 20240820150532.0 | ||
| 008 | 240820b |||||||| |||| 00| 0 eng d | ||
| 040 |
_aLK-CoDNM _dLK-CoDNM _eLK-CoDNM |
||
| 080 | _bGP1870 | ||
| 245 | _aCeylon administration reports | ||
| 260 |
_aColombo _bGovernment printers _c1870 |
||
| 942 | _cBK | ||
| 999 |
_c148460 _d148460 |
||